000 00191 a2200097 4500
001 3937
100 _aSlater,
245 _aModern physics
260 _a
_bMcgrawhill
_c
090 _c3167
_d3167
942 _aNUST-CAE
_cM
_c24080
999 _c239010
_d239010